Tientos del ser: antología poética, 1957-1994

Wedi'i Gadw mewn:
Manylion Llyfryddiaeth
Prif Awdur: González-Urízar, Fernando (Awdur)
Fformat: Llyfr
Iaith:Sbaeneg
Cyhoeddwyd: Santiago Pehuén 1994
Cyfres:Pehuén. Poesía
Pynciau:
Tagiau: Ychwanegu Tag
Dim Tagiau, Byddwch y cyntaf i dagio'r cofnod hwn!

MARC

LEADER 00000nam a2200000 a 4500
001 UCM6358
003 CL-VaPUC
008 021108e19940000CL |||||||||||||||||spa|d
020 |a 9561602830 
082 0 4 |a Ch861  |b GON  |2 21 
100 |a González-Urízar, Fernando  |e author  |9 475223 
245 1 0 |a Tientos del ser: antología poética, 1957-1994 
300 |a 261 p 
942 |c BK 
945 |d 20021108 00:00:00  |a vberengu 
260 |a Santiago  |b Pehuén  |c 1994 
500 |a De La eternidad esquiva, 1957 
500 |a  Una paloma sola va conmigo 
500 |a  La sangre 
500 |a  ­Chillán, Chillán, tan lejos! 
500 |a  Canción para la esposa 
500 |a  Primera elegía de lo solo 
500 |a De Las nubes y los años, 1960 
500 |a  Autorretrato 
500 |a  Uvas de marzo 
500 |a  ­Qué queda, Dios, qué queda! 
500 |a  Nunca y la lluvia 
500 |a  Francisca Urízar 
500 |a  Manojo de llaves 
500 |a  Este domingo, madre, no podré estar contigo 
500 |a  Llueve en el mar 
500 |a  Amiga, sola amiga 
500 |a De Los sueños terrestres, 1964 
500 |a  Regreso 
500 |a  Llueve 
500 |a  Cielo del sur 
500 |a  La despensa 
500 |a  Salida del sueño 
500 |a  Llamarada 
500 |a  Abeja sola 
500 |a De ­Israel, Israel!, 1970 
500 |a  Galilea 
500 |a  Lengua hebrea 
500 |a De Los signos del cielo, 1971 
500 |a  Bulnes 
500 |a  El padre 
500 |a  Abeja del ayer 
500 |a De Nudo ciego, 1974 
500 |a  Me olvidarás tan dulcemente 
500 |a  Dame amor, dame olvido, dame tiempo 
500 |a  Ahora eres el mar 
500 |a  Alianza 
500 |a De Domingo de pájaros, 1977 
500 |a  Teresa Eva María Rafinska 
500 |a  El don oscuro 
500 |a  Los González-Urízar 
500 |a  Vuelen libres mis pájaros 
500 |a  Qué somos, Dios, qué somos 
500 |a De Al sur del ayer, 1978 
500 |a  Al sur del ayer 
500 |a  A dos voces 
500 |a  Si preguntan por mí 
500 |a De Tañedor de lluvias, 1978 
500 |a  Tañedor de lluvias 
500 |a  Oigo el mar 
500 |a  Espacio solar 
500 |a  Cumpleaños 
500 |a  Biografía imaginaria 
500 |a  Historia antigua 
500 |a  Siete y medio 
500 |a  Mayo es el mes 
500 |a  Página en llamas 
500 |a De La copa negra, 1979 
500 |a  Hermano mayor 
500 |a De Sabiduría de la luz, 1981 
500 |a  Los ríos del silencio 
500 |a  Ceniza y ceremonia 
500 |a  ¿Actividad?: Poeta 
500 |a  Bebedizo 
500 |a  Sustancia comunicable 
500 |a  La vida perdurable 
500 |a  Palabras y silencios 
500 |a  Jazmín de la noche 
500 |a  Arte de recordar 
500 |a De Musgo de soledad, 1982 
500 |a  Musgo de soledad 
500 |a  Gradual de los meses 
500 |a  Te me has vuelto laúd y resonar 
500 |a  Yo soy feliz con poco 
500 |a  Sucede que la luz... 
500 |a  Los espejos 
500 |a  Largo anhelo 
500 |a  Eres la que se asoma 
500 |a  Invitación 
500 |a  La casa junto al mar 
500 |a  Rama de hijos 
500 |a  No quiero ya desear 
500 |a De Memoria y deseo, 1983 
500 |a  ­Qué dirán de mí! 
500 |a  Para un laúd tan solo 
500 |a  Alabanza y esplendor de mi lengua 
500 |a  Momento y eternidad 
500 |a  Melancolía de noviembre 
500 |a  A quien incumba 
500 |a De Escritura secreta, 1985 
500 |a  Arbol aparte 
500 |a  Ultima voluntad 
500 |a  Tres sonetos con entonces 
500 |a  Ahora que los días son breves 
500 |a  Madrigal escrito en el viento 
500 |a  Dulce país alado 
500 |a  Escritura secreta 
500 |a  Un hombre de oro con un reloj de luto 
500 |a  Perros de nadie 
500 |a  Cuerpo cierto 
500 |a  Caza sin recompensa 
500 |a  Ahora 
500 |a  La cita vana 
500 |a  Sólo la eternidad me satisface 
500 |a  Del silencio bellísimo 
500 |a  Orden terrestre 
500 |a  Color de año bisiesto 
500 |a  Pequeña suite para instrumentos de llanto 
500 |a  Arte de vivir 
500 |a  Un hombre de humo con una flauta sola 
500 |a  Nostalgia del espejo 
500 |a De Rumia y llanto por Hernán del Solar Apillaga, 1985 
500 |a  Rumia y llanto por Hernán del Solar Aspillaga 
500 |a De Arbol de batallas, 1986 
500 |a  Arbol de batallas 
500 |a  ¿Habla usted latín? 
500 |a  Letra y música 
500 |a  Il miglior fabbro 
500 |a  Vestidura nupcial 
500 |a  Para no caer en prolijidad 
500 |a  Sanseacabó del cantar 
500 |a De Albalá del azul marchito, 1987 
500 |a  Albalá del azul marchito 
500 |a  Agua pasada no muele molino 
500 |a  Partir el sol 
500 |a  No escarmiento 
500 |a  En Isluga no vive nadie 
500 |a  La maravilla de estar juntos 
500 |a  Caballero en las nubes 
500 |a  Adehala epilogal 
500 |a De Ruiseñor de la luna, 1988 
500 |a  Ruiseñor de la luna 
500 |a  Andar, andar, andar 
500 |a  Y mientras con gentil descortesía 
500 |a  Mejor es ir a ti que estar dichoso 
500 |a  Que no hay, sin ti, el vivir para qué sea 
500 |a  A mí mesmo te doy 
500 |a De Viola d'amore, 1990 
500 |a  Música celetial 
500 |a  Por ti, mi Dios, doy voces 
500 |a  Deo volente 
500 |a De Saber del corazón, 1992 
500 |a  A una viuda gentil 
500 |a  Mejor que la posada es el camino 
500 |a  A quien vela, todo se revela 
500 |a  Cesarea del gozo, Jerusalén del luto 
500 |a  Objetos verbales no identificados 
500 |a  Digo derechamente que quizás 
500 |a  Un hijo se hace a ciegas 
500 |a  Speech and song 
500 |a De Oficio de tinieblas, 1994 
500 |a  Minotauro en redil 
500 |a  Si tuviera algún precio mi discurso 
650 0 |a Poesías chilenas   |9 265280 
650 0 |a Literatura chilena   |9 308278 
583 |a last modification  |c 20150924 21:40:23  |k Rodrigo Vera 
490 0 |a Pehuén. Poesía 
999 |c 301769  |d 301767 
952 |0 0  |1 0  |4 0  |6 CH_861_000000000000000_GON_1994  |7 0  |8 A  |9 361379  |a BIBEDU  |b BIBEDU  |d 2019-11-21  |i 3857956  |o Ch861 GON 1994  |p 3857956  |r 2019-11-21  |w 2019-11-21  |y BK  |k BME 
952 |0 0  |1 0  |4 0  |6 CH_861_000000000000000_GON_1994  |7 0  |8 A  |9 361380  |a BIBEDU  |b BIBEDU  |d 2019-11-21  |i 3857948  |o Ch861 GON 1994  |p 3857948  |r 2019-11-21  |w 2019-11-21  |y BK  |k BME 
952 |0 0  |1 0  |4 0  |6 CH_861_000000000000000_GON_1994  |7 0  |8 A  |9 361381  |a BIBEDU  |b BIBEDU  |d 2019-11-21  |i 3857719  |o Ch861 GON 1994  |p 3857719  |r 2019-11-21  |w 2019-11-21  |y BK  |k LIT 
952 |0 0  |1 0  |4 0  |6 CH_861_000000000000000_GON_1994  |7 0  |8 A  |9 361382  |a BIBEDU  |b BIBEDU  |d 2019-11-21  |i 3857727  |o Ch861 GON 1994  |p 3857727  |r 2019-11-21  |w 2019-11-21  |y BK  |k LIT 
952 |0 0  |1 0  |4 0  |6 CH_861_000000000000000_GON_1994  |7 0  |8 A  |9 361385  |a BIBEDU  |b BIBEDU  |d 2019-11-21  |i 4190157  |o Ch861 GON 1994  |p 4190157  |r 2019-11-21  |w 2019-11-21  |y BK  |k LIT 
952 |0 0  |1 0  |4 0  |6 CH_861_000000000000000_GON_1994  |7 0  |8 A  |9 361386  |a FDOPOS  |b FDOPOS  |d 2019-11-21  |i 4313305  |o Ch861 GON 1994  |p 4313305  |r 2025-01-22  |w 2019-11-21  |y BK  |k MLA